01277nam a22002177a 45000010005000000030006000050050017000110080041000280200018000690400030000870500015001170820010001321000020001422450067001622500045002292600038002743000050003124900014003625200659003766500024010358843FISKH20251023085408.0251023b cb ||||| |||| 00| 0 eng d a9780545443296 aFISKHbeng cFISKHdFISKH aPN6728.B49 a741.5 aPeirce, Lincoln aI smell a pop quiz ! : bA big nate book / cby Lincoln Peirce aFirst Scholastic printing , January 2012 aNew York : bScholastic , c2008. a126 pages : billustrations ; c20 X 20 cm .  aBig Nate  aComic and Graphic Books. Juvenile Fiction. Humor (Fiction.) HTML:Soon to be an animated series with Paramount+ and Nickelodeon! Nate Wright has a nose (and a penchant) for trouble. So he's not one to be surprised by a pop quiz popping up. Aspiring cartoonist Nate Wright is the star of Big Nate, the daily and Sunday comic strip and a favorite middle-grade book character. Nate is 11 years old, four-and-a-half feet tall, and the all-time record holder for detentions in school history. He's a self-described genius and sixth grade Renaissance Man. Nate, who lives with his dad and older sister, enjoys pestering his family and teachers with his sarcasm. aCartoons and comics